Chemistry & chemical reactivity

This is book provide a broad overview of the principles of chemistry and the reactivity of chemical elements and compounds.

Kaydedildi:
Detaylı Bibliyografya
Yazar: Kotz, John C.
Materyal Türü: Kitap
Dil:Undetermined
Baskı/Yayın Bilgisi: Fort Worth Saunders College Pub 1996
Konular:
Etiketler: Etiketle
Etiket eklenmemiş, İlk siz ekleyin!
Thư viện lưu trữ: Trung tâm Học liệu Trường Đại học Cần Thơ
LEADER 00598nam a2200181Ia 4500
001 CTU_148686
008 210402s9999 xx 000 0 und d
082 |a 540 
082 |b K87 
100 |a Kotz, John C. 
245 0 |a Chemistry & chemical reactivity 
245 0 |c John C. Kotz, Paul Treichel 
260 |a Fort Worth 
260 |b Saunders College Pub 
260 |c 1996 
520 |a This is book provide a broad overview of the principles of chemistry and the reactivity of chemical elements and compounds. 
650 |a Chemistry 
980 |a Trung tâm Học liệu Trường Đại học Cần Thơ